00995nam a2200241 a 450000100100000000500170001000800410002704000250006808200150009310000290010824000490013724501110018626000300029730000200032749000460034750000280039370000450042171000450046671000580051183000530056995201140062299900170073600003714220200930080152.0120217s1972 mx 000 0 spa d aDO-SdBNPbspacBNPHU axxxxbE46c1 aElliott, Grace L.96354510aHow to help groups make decisionslEspañol10aCómo ayudar a los grupos a tomar decisiones. /cGrace L. Elliott ; traduccido René Cárdenas Barrios. aMéxico :bDiana,c1972. a79 p. ;c19 cm.1 aBiblioteca para el director de gruposv10 aTraduccido del inglés1 aCárdenas Barrios, René ,etr.9125372 aCentro Regional de Ayuda Ténica9635462 aAgencia para el Dasarrollo Internacional (AID)963547 0aBiblioteca para el director de gruposv10950218 0010507-18MOaGRbGRcOId2012-02-17iLF1l0oxxxx E46cp37142-10r2020-06-25w2020-06-25y1ZNo se presta c36632d36632